| 000 | 00689nam a22002297i 4500 | ||
|---|---|---|---|
| 999 |
_c8137 _d8137 |
||
| 003 | URS | ||
| 005 | 20220114153117.0 | ||
| 008 | 170522b xxu||||| |||| 00| 0 eng d | ||
| 020 | _a9679148351 | ||
| 040 |
_erda _cURSP-College Library _beng |
||
| 082 |
_a005.369 _bSe4 1996 |
||
| 100 | 1 | _aSellappan, P. | |
| 245 |
_aTurbo Pascal Through Examples _bIncludes Object-Oriented Programming |
||
| 264 | 1 |
_aQuezon City: _bPisces Publishing,Inc. _c1996. |
|
| 300 |
_ax, 355 pages; _c24cm. |
||
| 336 |
_atext _btxt _2rdacontent |
||
| 337 |
_aunmediated _bn _2rdamedia |
||
| 338 |
_avolume _bnc _2rdacarrier |
||
| 500 | _aIncludes index | ||
| 650 | 0 | _aTurbo Pascal (Computer Program) | |
| 942 |
_2lcc _cF |
||